000 00373nam a2200145Ia 4500
008 191201s1997 xx 000 0 und d
082 _a677.21
_bPAE
100 _aPATTABHIRAM, T K
245 0 _aEssential Elements of Practical Cotton Spinning
250 _a4th
260 _aN.Delhi
_bSomaiya Publication
_c1997
300 _a233
650 _aB.Tech(TE)
942 _2ddc
_cBK
999 _c2554
_d2554